Normal view
MARC view
- Medina Murillo, Ana Aurora
Entry Nombre Personal
001 - NUMERO DE CONTROL
- campo de control: 43230
003 - IDENTIFICADOR DE NUMERO DE CONTROL
- campo de control: UPN
005 - FECHA Y HORA DE LA ÜLTIMA TRANSACCIÓN
- campo de control: 20210219194627.0
008 - DATOS DE LONGITUD FIJA
- campo de control de longitud fija: nabaccnnaabn|||||||||| b |nc|||||d
035 ## - NUMERO DE CONTROL
- Número de control: UPN11000015337
040 ## - FUENTE DE CATALOGACIÓN
- Lenguaje de catalogación: SPA
- Agencia de transcripción: UPN
100 1# - ENCABEZAMIENTO - NOMBRE PERSONAL
- Nombre personal: Medina Murillo, Ana Aurora
670 ## - FUENTE EN LA QUE SE LOCALIZARON DATOS
- Cita de la fuente: T
- Uniform Resource Identifier: https://www.bookdepository.com/es/Diccionario-l%C3%A9xico-morfol%C3%B3gico-del-gurij%C3%ADo-Ana-Aurora-Medina-Murillo/9786070226359
902 ## - CATALOGADOR
- Catalogador: EMR/06022020
